[Event "HUN-chT2 Asztalos 2324"]
[Site "Hungary"]
[Date "2024.04.21"]
[Round "8.11"]
[White "Baki, Bence"]
[Black "Nemeth, David Istvan"]
[Result "0-1"]
[WhiteElo "1883"]
[BlackElo "1676"]
[PlyCount "120"]
[EventDate "2023.10.08"]
[EventType "team-tourn"]
[EventRounds "9"]
[EventCountry "HUN"]
[SourceTitle "EXT 2025"]
[Source "ChessBase"]
[SourceDate "2024.10.14"]
[SourceVersion "1"]
[SourceVersionDate "2024.10.14"]
[SourceQuality "1"]
[WhiteTeam "Baja Spartacus"]
[BlackTeam "Komlo"]
[WhiteTeamCountry "HUN"]
[BlackTeamCountry "HUN"]

1. e4 e5 2. Nf3 Nc6 3. Bc4 f5 4. d3 f4 5. Nc3 Bb4 6. g3 Bxc3+ 7. bxc3 Qf6 8. gxf4 exf4 9. d4 g5 10. e5 Qe7 11. h4 Na5 12. Bd3 g4 13. Ng5 d5 14. a4 Nc4 15. Bxc4 dxc4 16. Bxf4 Bf5 17. f3 h6 18. Ne4 Qf7 19. Qe2 gxf3 20. Qxf3 0-0-0 21. Rb1 Qd5 22. Nd2 Qxf3 23. Nxf3 Bxc2 24. Rc1 Bxa4 25. Nd2 Bc6 26. Rg1 Bd5 27. Ra1 a6 28. Ra5 Ne7 29. e6 Rdg8 30. Rf1 Rg6 31. Kd1 Rf8 32. Rc5 c6 33. Nxc4 Bxc4 34. Rxc4 Rg4 35. d5 Nxd5 36. Re1 Rgxf4 37. e7 Re8 38. Rxf4 Nxf4 39. Rf1 Ne6 40. Rf6 Rxe7 41. Rxh6 Kd7 42. Rg6 Rg7 43. Rh6 Nf8 44. Kd2 Ke7 45. Rh5 Rh7 46. Re5+ Kd6 47. Rf5 Ke7 48. h5 Ne6 49. Re5 Kf6 50. Ra5 Ng7 51. Ra3 Rxh5 52. c4 Nf5 53. Rb3 Nd6 54. Rf3+ Rf5 55. Rb3 Nxc4+ 56. Kc3 b5 57. Rb1 Rf3+ 58. Kb4 Rf5 59. Rh1 a5+ 60. Kc3 Ke5 0-1